| 000 | 00876nas a2200265 4500 | ||
|---|---|---|---|
| 001 | BR2022000124 | ||
| 003 | BR-BrBNA | ||
| 005 | 20231205132213.0 | ||
| 007 | ta | ||
| 008 | 230509b bl.|||p| |||| 00| 00por d | ||
| 040 |
_aBR-BrBNA _bpor _cBiblioteca Nacional de Agricultura |
||
| 041 | _a(En) | ||
| 072 | _aF30; F50; K10 | ||
| 100 | 1 | _aPalermo, A.C. | |
| 100 | 1 | _aSouza, A.M. de | |
| 245 | 1 | _aMorphometric analysis of fruits and seeds of Annona crasiflora Mart (Annonaceae)from central Brazil | |
| 650 | _aARATICUM | ||
| 650 | _aSEMENTE | ||
| 650 | _aMORFOLOGIA VEGETAL | ||
| 650 | _aVARIAÇÃO GENÉTICA | ||
| 773 | 0 |
_tRevista Árvore (Brazil) _xISSN 1806-9088 _g(2019), v. 43(3) p. 1-9 _wBR2022000124 |
|
| 856 | 4 | 0 | _uhttps://www.scielo.br/j/rarv/a/8dVDjf8JTGywgVmzSWqg4kR/?format=pdf lang=en |
| 909 |
_a202311 _bLúcia _c55 _dLúcia Elande |
||
| 942 |
_2AGRIS _n0 _cANA |
||
| 999 |
_c259044 _d259044 |
||